A Gyürü és a Potter. Széljegyzetek két mesefilmhez. {Despre doua filme pentru copii}. [On two children's moving picture]
Elmentve itt :
| Szerző: | |
|---|---|
| Adatforrás: | Meister |
| Forrásdokumentuma: | Korunk. - 2002. 10, 110-112. |
| Nyelv: | magyar |
| Kulcsszavak: | filmkritika critica de film motion pictures criticism |
| LEADER | 00485nab a2200145 i 4500 | ||
|---|---|---|---|
| 001 | bibPRO00012921 | ||
| 008 | 080908s2002 xx hun | ||
| 040 | |a Sz1 | ||
| 041 | |a hun | ||
| 100 | 1 | |a SZÁNTAI János | |
| 245 | 1 | 2 | |a A Gyürü és a Potter. Széljegyzetek két mesefilmhez. {Despre doua filme pentru copii}. [On two children's moving picture] |c SZÁNTAI János |
| 695 | |a filmkritika | ||
| 695 | |a critica de film | ||
| 695 | |a motion pictures criticism | ||
| 773 | 0 | |t Korunk. - |g 2002. 10, 110-112. | |